Los fichajes más caros del fútbol - Laterales derechos - 2010-2011 - Estadísticas

Estadísticas generales
  • Esta prueba ha sido intentada 8 veces
  • La puntuación promedio es 3 de 10
Estadísticas de respuestas
Coste (M €) Nacionalidad Último club Nuevo club Jugador % Correcto
6,00 España CA Osasuna Marsella César Azpilicueta
67%
4,25 España CA Osasuna Atlético Madrid Juanfran Torres
67%
8,00 Brasil FC Schale 04 Génova Rafinha
67%
6,00 Francia Sevilla FC Génova Abdoulay Konko
33%
7,00 Italia Brescia Parma Andrea Rispoli
17%
3,00 Hungría / Austria Atalanta Bologna György Garics
17%
4,00 Rusia Dinamo Moscú Spartak Moscú Kirill Kombarov
17%
4,00 Francia Stade Rennes Marsella Rod Fanni
17%
4,00 Países Bajos FC Twente Wigan Ronnie Stam
17%
5,30 Ghana FC Basilea Dnipro Samuel Inkoom
17%
No se encontraron pruebas coincidentes
Distribución de puntuación
Porcentaje de gente con cada puntuación
Porcentaje por número respondido
Historial de tus puntuaciones
No has intentado esta prueba.